[Event "European Blitz 2022"]
[Site "Katowice POL"]
[Date "2022.12.16"]
[Round "5.3"]
[White "Deac, Bogdan-Daniel"]
[Black "Gaponenko, Inna"]
[Result "1-0"]
[WhiteTitle "GM"]
[BlackTitle "IM"]
[WhiteElo "2700"]
[BlackElo "2341"]
[WhiteFideId "1226380"]
[BlackFideId "14101181"]
[EventDate "2022.12.16"]

1. b3 Nf6 2. Bb2 g6 3. Nf3 Bg7 4. g3 d6 5. d4 O-O 6. Bg2 Nbd7 7. O-O e5 8. dxe5
Ng4 9. Qc1 Ngxe5 10. c4 Nc5 11. Nc3 Nxf3+ 12. Bxf3 c6 13. Rd1 Qe7 14. b4 Nd7 15.
Ne4 Ne5 16. Nxd6 Nxf3+ 17. exf3 Be6 18. Bxg7 Kxg7 19. Qc3+ Qf6 20. Qxf6+ Kxf6
21. Nxb7 Bxc4 22. Na5 Bd5 23. Nxc6 Bxf3 24. Rd6+ Kg7 25. Ne5 Be4 26. Re1 Bf5 27.
Ra6 Rfe8 28. f4 Re7 29. Rd1 Rb7 30. a3 Rc8 31. Rd2 Rc1+ 32. Kf2 Rbc7 33. g4 Be6
34. Rad6 R7c3 35. R6d3 Rc7 36. g5 h6 37. Re3 hxg5 38. fxg5 Ra1 39. Nf3 Rcc1 40.
Nd4 Rf1+ 41. Kg3 Rg1+ 42. Rg2 Rxg2+ 43. Kxg2 Bd5+ 44. Kg3 Ra2 45. h4 Rg2+ 46.
Kf4 Rh2 47. Kg3 Rg2+ 48. Kh3 Ra2 49. Nb5 a6 50. Nc7 Bc4 51. Ne8+ Kf8 52. Nf6
Be6+ 53. Kg3 Rb2 54. Rd3 Ke7 55. Rc3 Kd6 56. Ne4+ Ke5 57. Nc5 Bc8 58. Nd3+ Kd4
59. Rxc8 Kxd3 60. Ra8 Ke4 61. Rxa6 Rb3+ 62. Kg4 Rb1 63. Rf6 Rg1+ 64. Kh3 Ra1 65.
Rxf7 Rxa3+ 66. Kg4 Rb3 67. Rf6 Rxb4 68. Rxg6 Ke5+ 69. Kh5 Kf5 70. Rf6+ Ke5 71.
Rf1 Rb8 72. g6 1-0

[Event "European Blitz 2022"]
[Site "Katowice POL"]
[Date "2022.12.16"]
[Round "5.4"]
[White "Santos Latasa, Jaime"]
[Black "D'Costa, Lorin"]
[Result "1-0"]
[WhiteTitle "GM"]
[BlackTitle "IM"]
[WhiteElo "2668"]
[BlackElo "2375"]
[WhiteFideId "2293307"]
[BlackFideId "409219"]
[EventDate "2022.12.16"]

1. Nf3 Nf6 2. c4 b6 3. g3 Bb7 4. Bg2 c5 5. O-O g6 6. Nc3 Bg7 7. d4 cxd4 8. Qxd4
O-O 9. Qh4 d6 10. Bh6 Nbd7 11. Rac1 Rc8 12. b3 Rc5 13. Bxg7 Kxg7 14. Rfd1 Qa8
15. Qd4 Ne5 16. Ne1 Bxg2 17. Nxg2 Qb7 18. Nf4 a6 19. Ncd5 Nxd5 20. Nxd5 Kg8 21.
b4 Rc6 22. f4 Ng4 23. Qe4 Re8 24. h3 Nh6 25. Nf6+ 1-0

[Event "European Blitz 2022"]
[Site "Katowice POL"]
[Date "2022.12.16"]
[Round "5.5"]
[White "Cukrowski, Filip"]
[Black "Saric, Ante"]
[Result "1/2-1/2"]
[WhiteTitle "FM"]
[BlackTitle "GM"]
[WhiteElo "2402"]
[BlackElo "2504"]
[WhiteFideId "1171097"]
[BlackFideId "14506254"]
[EventDate "2022.12.16"]

1. d4 Nf6 2. c4 e6 3. Nf3 b6 4. g3 Bb7 5. Bg2 Bb4+ 6. Bd2 Be7 7. O-O c6 8. Nc3
d5 9. Qc2 Nbd7 10. Rfe1 dxc4 11. a4 c5 12. e4 cxd4 13. Nxd4 Bc5 14. Nf3 Ng4 15.
Nd1 Nde5 16. Bc3 Nd3 17. Re2 O-O 18. h3 Nf6 19. Ne5 Rc8 20. Rd2 Nxe4 21. Nxd3
cxd3 22. Rxd3 Qe7 23. Qe2 Nxc3 24. Nxc3 Bxg2 25. Kxg2 Bb4 26. Nb5 a6 27. Nd4
Rfd8 28. Rad1 Qb7+ 29. Kh2 Bf8 30. Nf3 Rxd3 31. Qxd3 b5 32. Ng5 g6 33. axb5 axb5
34. Qd7 Qxd7 35. Rxd7 Rc2 36. Kg2 Bc5 37. Ne4 Bf8 38. b3 Rb2 39. Nf6+ Kg7 40.
Ne8+ Kg8 41. Nf6+ Kg7 42. Ne8+ Kg8 43. Nf6+ Kg7 1/2-1/2

[Event "European Blitz 2022"]
[Site "Katowice POL"]
[Date "2022.12.16"]
[Round "5.6"]
[White "Sargsyan, Shant"]
[Black "Cyfka, Karina"]
[Result "1-0"]
[WhiteTitle "GM"]
[BlackTitle "IM"]
[WhiteElo "2645"]
[BlackElo "2348"]
[WhiteFideId "13306766"]
[BlackFideId "1122681"]
[EventDate "2022.12.16"]

1. d4 Nf6 2. Nf3 e6 3. c4 Bb4+ 4. Bd2 Qe7 5. g3 Bxd2+ 6. Qxd2 Nc6 7. e3 O-O 8.
Bg2 d6 9. Nc3 e5 10. Nd5 Nxd5 11. cxd5 Nb8 12. dxe5 dxe5 13. O-O a5 14. Rac1 b6
15. Qc3 e4 16. Nd4 Na6 17. Nc6 Qe8 18. Rfd1 Nc5 19. Rd4 Bd7 20. Rc4 Bxc6 21.
dxc6 Qe7 22. a3 a4 23. Rd1 Rad8 24. Rcd4 g6 25. h4 h5 26. Bh3 Rxd4 27. Qxd4 Re8
28. Bd7 Rd8 29. Kg2 b5 30. Qd5 Nd3 31. Qxb5 Qf6 32. Rd2 Qf3+ 33. Kg1 Ne1 34. Qf1
Nd3 35. Bh3 Rb8 36. Bg2 Qf5 37. Bxe4 Qxe4 38. Qxd3 Qxc6 39. Rc2 Qf3 40. Qc3 Rd8
41. Rc1 c6 42. Qc2 Rd5 43. Qxa4 Rd2 44. Rf1 Rxb2 45. Qd4 Ra2 46. a4 Qd5 47. Qf4
Qb3 48. Qd6 Rxa4 49. Qxc6 Rc4 50. Qd5 Rb4 51. Qd8+ Kg7 52. Qd2 Qb2 53. Qd5 Qf6
54. Kg2 Rb2 55. Qf3 Qxf3+ 56. Kxf3 Ra2 57. Kf4 Ra4+ 58. e4 Ra2 59. f3 Ra7 60.
Re1 Rb7 61. e5 Rb4+ 62. Re4 Rb6 63. g4 hxg4 64. fxg4 Rb1 65. Kg5 Rb5 66. Kf4 Rb1
67. Rd4 Rf1+ 68. Ke4 Rh1 69. Rd7 Kg8 70. Kf4 Rxh4 71. Kg5 Rh1 72. e6 fxe6 73.
Kxg6 Kf8 74. g5 Ra1 75. Rd8+ Ke7 76. Rb8 1-0

[Event "European Blitz 2022"]
[Site "Katowice POL"]
[Date "2022.12.16"]
[Round "5.7"]
[White "Yuffa, Daniil"]
[Black "Drazic, Sinisa"]
[Result "1-0"]
[WhiteTitle "GM"]
[BlackTitle "GM"]
[WhiteElo "2587"]
[BlackElo "2372"]
[WhiteFideId "24131423"]
[BlackFideId "901172"]
[EventDate "2022.12.16"]

1. d4 d5 2. c4 dxc4 3. e4 Nf6 4. e5 Nd5 5. Bxc4 Nc6 6. Nf3 Nb6 7. Be2 Bf5 8. O-O
e6 9. Nc3 Be7 10. a3 O-O 11. Be3 Qd7 12. h3 Rad8 13. b4 a6 14. Rc1 Na7 15. d5
exd5 16. Bxb6 cxb6 17. Nd4 Nc6 18. f4 b5 19. Nxf5 Qxf5 20. Bg4 Qg6 21. Nxd5 Bh4
22. g3 f5 23. gxh4 fxg4 24. Rxc6 Qxc6 25. Ne7+ Kf7 26. Nxc6 Rxd1 27. Rxd1 bxc6
28. hxg4 Ke7 29. Rd4 h5 30. gxh5 Rf5 31. Kf2 Rxh5 32. Kg3 Rh6 33. f5 Rh8 34. Kg4
Rc8 35. e6 Kf6 36. Rd7 c5 37. Kf4 1-0

[Event "European Blitz 2022"]
[Site "Katowice POL"]
[Date "2022.12.16"]
[Round "5.8"]
[White "Seemann, Jakub"]
[Black "Lagarde, Maxime"]
[Result "0-1"]
[WhiteTitle "FM"]
[BlackTitle "GM"]
[WhiteElo "2365"]
[BlackElo "2584"]
[WhiteFideId "21874697"]
[BlackFideId "662399"]
[EventDate "2022.12.16"]

1. d4 f5 2. Nf3 Nf6 3. c4 g6 4. Bf4 Bg7 5. e3 c5 6. Nc3 Ne4 7. Bd3 Nxc3 8. bxc3
d6 9. O-O O-O 10. Qc2 Nc6 11. d5 Na5 12. h3 b6 13. Bh2 e5 14. dxe6 Bxe6 15. Rfd1
Qe7 16. Qe2 Bxc3 17. Rac1 Bg7 18. Qc2 Rad8 19. Be2 Kh8 20. Nd2 d5 21. cxd5 Bxd5
22. Nc4 Nxc4 23. Bxc4 Be4 24. Qb3 h5 25. Rxd8 Rxd8 26. Rd1 Kh7 27. Qa4 Bc6 28.
Qb3 Qe4 29. Bf1 Ba4 30. Rxd8 Bxb3 31. axb3 Be5 32. Bd3 Bxh2+ 33. Kxh2 Qe5+ 34.
g3 Qb2 35. Kg2 Qxb3 36. Rd7+ Kh8 37. g4 c4 38. Be2 hxg4 39. hxg4 c3 40. gxf5
gxf5 41. Rd8+ Kg7 42. Rc8 b5 43. Bf3 b4 44. Rc5 c2 0-1

[Event "European Blitz 2022"]
[Site "Katowice POL"]
[Date "2022.12.16"]
[Round "5.9"]
[White "Ziska, Helgi Dam"]
[Black "Orzech, Dominik"]
[Result "1-0"]
[WhiteTitle "GM"]
[BlackTitle "IM"]
[WhiteElo "2546"]
[BlackElo "2313"]
[WhiteFideId "7200595"]
[BlackFideId "1115065"]
[EventDate "2022.12.16"]

1. e4 e6 2. d3 c5 3. Nf3 Nc6 4. g3 g6 5. Bg2 Bg7 6. O-O Nge7 7. c3 d5 8. Qe2
dxe4 9. dxe4 O-O 10. e5 Qc7 11. Re1 h6 12. h4 b6 13. Bf4 Nd5 14. Bd2 a5 15. Na3
Ba6 16. Nb5 Qd7 17. a4 Na7 18. c4 Nb4 19. Rad1 Qe7 20. Bxb4 axb4 21. Rd6 Nc8 22.
Rd3 Bb7 23. Red1 Bc6 24. Ne1 Bxg2 25. Nxg2 Qb7 26. Rd7 Qa6 27. b3 Rb8 28. Qe4
Qa8 29. Qe2 Rb7 30. h5 g5 31. f4 Rxd7 32. Rxd7 Qc6 33. Rc7 Qa8 34. fxg5 hxg5 35.
Qe3 Bh6 36. Rd7 Qc6 37. Rc7 Qa8 38. g4 Rd8 39. Qf2 Rf8 40. Qf6 Bg7 41. Qxg5 Kh7
42. Qf4 Kg8 43. h6 Bh8 44. Nh4 Qb8 45. Qg5+ Kh7 46. Qg6# 1-0

[Event "European Blitz 2022"]
[Site "Katowice POL"]
[Date "2022.12.16"]
[Round "5.10"]
[White "Walter, Szymon"]
[Black "Donchenko, Alexander"]
[Result "0-1"]
[WhiteTitle "FM"]
[BlackTitle "GM"]
[WhiteElo "2327"]
[BlackElo "2636"]
[WhiteFideId "1172590"]
[BlackFideId "24603295"]
[EventDate "2022.12.16"]

1. e4 c6 2. d4 d5 3. f3 Qb6 4. Nc3 dxe4 5. Nxe4 Nf6 6. Nxf6+ exf6 7. c3 Bd6 8.
Bd3 O-O 9. Ne2 Qc7 10. Qc2 h6 11. f4 Re8 12. O-O c5 13. Kh1 Nc6 14. d5 Ne7 15.
c4 b5 16. b3 Rb8 17. Ng3 Bd7 18. Bd2 a5 19. Rae1 a4 20. cxb5 Nxd5 21. bxa4 Nxf4
22. Bh7+ Kh8 23. Bf5 Ne6 24. Bxe6 Bxe6 25. Qd3 c4 26. Qf3 Be5 27. Bc3 Rbd8 28.
a5 Bxc3 29. Qxc3 Rd3 30. Qb4 Rb8 31. a4 c3 32. Ne4 c2 33. Nc5 Rd6 34. Rc1 Bd5
35. Rxc2 Qe7 36. a6 Re8 37. Rcf2 Rb6 38. a5 Rd6 39. b6 Rb8 40. a7 Qxa7 41. Qf4
Qe7 42. Na6 Ra8 43. Nc7 Rxa5 44. Rb2 Bb7 45. Rc1 Re5 46. h3 Re2 47. Rxe2 Qxe2
48. Rg1 Rd3 49. Qg4 Qxg4 50. hxg4 Rh3# 0-1

[Event "European Blitz 2022"]
[Site "Katowice POL"]
[Date "2022.12.16"]
[Round "5.11"]
[White "Moroni, Luca Jr"]
[Black "Baum, Jonasz"]
[Result "1-0"]
[WhiteTitle "GM"]
[BlackTitle "IM"]
[WhiteElo "2576"]
[BlackElo "2420"]
[WhiteFideId "865834"]
[BlackFideId "1195360"]
[EventDate "2022.12.16"]

1. d4 e6 2. Nf3 Nf6 3. Bf4 c5 4. e3 Nc6 5. Nbd2 d5 6. c3 cxd4 7. exd4 Nh5 8. Be3
Bd6 9. Bd3 Nf4 10. Bxf4 Bxf4 11. O-O O-O 12. Qe2 f6 13. g3 Bxd2 14. Nxd2 e5 15.
Bb5 exd4 16. Bxc6 dxc3 17. Bxb7 Bxb7 18. bxc3 Qc8 19. Rfc1 Qc6 20. Rab1 d4 21.
Qc4+ Qxc4 22. Nxc4 Be4 23. Rb4 dxc3 24. Rxc3 Rac8 25. f3 Bd5 26. Kf2 Rc5 27. Ke3
Rfc8 28. Kd4 Bf7 29. Ra4 a5 30. f4 Rd5+ 31. Ke3 Be8 32. Raa3 Rdc5 33. Kd4 Bb5
34. Nxa5 Rxc3 35. Rxc3 Ra8 36. Ra3 Kf7 37. Nc4 Rd8+ 38. Kc5 Bxc4 39. Kxc4 Rd2
40. h3 Rh2 41. h4 Ke6 42. Ra7 g5 43. hxg5 fxg5 44. fxg5 Kf5 45. Ra5+ Kg4 46. a4
Rc2+ 47. Kb3 Rc1 48. Rb5 Kxg3 49. a5 Ra1 50. Kb4 Kg4 51. Rc5 Rb1+ 52. Kc4 Ra1
53. Kb5 Rb1+ 54. Kc6 Ra1 55. Kb6 Rb1+ 56. Rb5 1-0

[Event "European Blitz 2022"]
[Site "Katowice POL"]
[Date "2022.12.16"]
[Round "5.12"]
[White "Saraci, Korab"]
[Black "Piorun, Kacper"]
[Result "0-1"]
[BlackTitle "GM"]
[WhiteElo "2192"]
[BlackElo "2611"]
[WhiteFideId "4701968"]
[BlackFideId "1130420"]
[EventDate "2022.12.16"]

1. e4 d5 2. exd5 Qxd5 3. Nc3 Qd8 4. d4 Nf6 5. Nf3 g6 6. Bf4 Bg7 7. Qd2 c6 8.
O-O-O Bg4 9. Be2 Bxf3 10. Bxf3 e6 11. h4 h5 12. Bg5 Qa5 13. Kb1 Nbd7 14. Ne4
Qxd2 15. Rxd2 Nxe4 16. Bxe4 Nb6 17. b3 Nd5 18. Bf3 Ne7 19. Be2 Nf5 20. Rhd1 Bh6
21. Bxh6 Rxh6 22. c4 Nxh4 23. d5 exd5 24. cxd5 cxd5 25. Rxd5 Nxg2 26. Rd7 Nf4
27. Bc4 Rh7 28. Rxb7 h4 29. Re1+ Kf8 30. Ree7 g5 31. Rxf7+ Rxf7 32. Rxf7+ Ke8
33. Rg7 Rd8 34. Rxg5 h3 35. Rg8+ Ke7 36. Rg7+ Kf6 37. Rh7 Kg6 38. Rh4 Kg5 39.
Rh7 Rd2 40. a4 Rxf2 41. b4 h2 42. Ba6 Nh5 43. Bb7 Ng3 44. b5 Rf1+ 45. Kb2 h1=Q
46. Bxh1 Nxh1 47. Rxa7 Rf2+ 48. Kb3 Rf1 49. a5 Ng3 50. b6 Ne4 51. Kc4 Rb1 52.
Kd5 Nf6+ 53. Ke6 Ne4 54. Kd7 Kf5 55. Ra8 Ke5 56. Rh8 Nc5+ 57. Kc6 Nb3 58. a6
Na5+ 59. Kc7 Rc1+ 60. Kd7 Rd1+ 61. Ke8 Nc6 62. b7 Rd8+ 63. Kf7 Rxh8 0-1

[Event "European Blitz 2022"]
[Site "Katowice POL"]
[Date "2022.12.16"]
[Round "5.13"]
[White "Paszewski, Mateusz"]
[Black "Hovhannisyan, Robert"]
[Result "0-1"]
[WhiteTitle "FM"]
[BlackTitle "GM"]
[WhiteElo "2282"]
[BlackElo "2597"]
[WhiteFideId "1141058"]
[BlackFideId "13302507"]
[EventDate "2022.12.16"]

1. Nf3 d5 2. e3 Nf6 3. c4 c6 4. Nc3 e6 5. b3 Bd6 6. Bb2 O-O 7. d4 Nbd7 8. Bd3
Re8 9. Qc2 Qe7 10. Rd1 e5 11. dxe5 Nxe5 12. Nxe5 Bxe5 13. cxd5 cxd5 14. Ne2 Bg4
15. h3 Rac8 16. Qd2 Bxe2 17. Qxe2 Qb4+ 18. Kf1 Bxb2 19. Qxb2 a5 20. g3 a4 21.
Rb1 a3 22. Qe2 Ne4 23. Qe1 Nc3 24. Ra1 Nxa2 25. Kg2 Qxe1 26. Rhxe1 Nb4 27. Bb5
Nc2 28. Bxe8 Rxe8 29. Rec1 Nxa1 30. Rxa1 Ra8 31. Kf3 Kf8 32. Ke2 Ke7 33. Kd3 Kd6
34. Kc3 Kc5 35. b4+ Kb5 36. Kb3 a2 37. f4 Ra4 38. Kc3 Ra3+ 39. Kd4 Kxb4 40. Kxd5
Kb3 41. e4 Kb2 42. Kd4 0-1

[Event "European Blitz 2022"]
[Site "Katowice POL"]
[Date "2022.12.16"]
[Round "5.14"]
[White "Saraci, Nderim"]
[Black "Vedrickas, Tautvydas"]
[Result "1/2-1/2"]
[WhiteTitle "IM"]
[BlackTitle "FM"]
[WhiteElo "2468"]
[BlackElo "2358"]
[WhiteFideId "6351921"]
[BlackFideId "12802654"]
[EventDate "2022.12.16"]

1. Nf3 Nf6 2. b3 g6 3. Bb2 Bg7 4. e3 d6 5. d4 O-O 6. Be2 c6 7. O-O h6 8. c4 Nbd7
9. Nc3 Qc7 10. Rc1 Re8 11. Nd2 e5 12. dxe5 dxe5 13. Nde4 Bf8 14. Ng3 Nc5 15. Qc2
a5 16. Rfd1 h5 17. h3 Bg7 18. Bf3 h4 19. Nge4 Bf5 20. Nxf6+ Bxf6 21. e4 Be6 22.
Ba3 Be7 23. Qb2 Rad8 24. Rxd8 Rxd8 25. Qb1 Bc8 26. Rd1 Ne6 27. Bxe7 Qxe7 28. Bg4
Nd4 29. Bxc8 Rxc8 30. Qd3 Rd8 31. Qe3 Kg7 32. Kf1 Qb4 33. Ne2 Qc5 34. Nxd4 Rxd4
35. Rxd4 exd4 36. Qf4 Qe7 37. Ke2 c5 38. Kd3 b6 39. e5 Qd7 40. Qxh4 Qf5+ 41. Kd2
Qxe5 42. Qg4 Qf6 43. f4 a4 44. Qf3 axb3 45. axb3 Qf5 46. g4 Qb1 47. g5 Qb2+ 48.
Kd1 Qb1+ 49. Kd2 Qb2+ 50. Kd1 Qb1+ 1/2-1/2

[Event "European Blitz 2022"]
[Site "Katowice POL"]
[Date "2022.12.16"]
[Round "5.15"]
[White "Garcia Martin, Marta"]
[Black "Livaic, Leon"]
[Result "0-1"]
[WhiteTitle "IM"]
[BlackTitle "GM"]
[WhiteElo "2301"]
[BlackElo "2572"]
[WhiteFideId "32084030"]
[BlackFideId "14531534"]
[EventDate "2022.12.16"]

1. e4 e6 2. d4 d5 3. e5 b6 4. Nf3 Qd7 5. c3 Ne7 6. a4 a5 7. Na3 Ba6 8. Bb5 c6 9.
Bxa6 Nxa6 10. O-O c5 11. Nb5 Nc6 12. Bf4 Be7 13. Nd6+ Bxd6 14. exd6 f6 15. Re1
O-O 16. Qb3 cxd4 17. cxd4 Nab4 18. Rac1 g5 19. Bg3 Rac8 20. Qe3 Rce8 21. Qd2 h6
22. h4 Qh7 23. Rc3 Qd7 24. Rec1 Rc8 25. Qe2 Na2 26. Qb5 Nxc1 27. Rxc1 Kg7 28.
Qxb6 Nb4 29. Rc7 Rxc7 30. dxc7 Rc8 31. hxg5 hxg5 32. Nd2 Nd3 33. Nb3 Nf4 34.
Bxf4 Qxa4 35. Nc5 Qd1+ 36. Kh2 Rh8+ 37. Kg3 gxf4+ 38. Kxf4 Rh4+ 39. Ke3 Qxd4+
40. Ke2 Qc4+ 41. Nd3 Qc2+ 42. Ke3 Re4+ 0-1

[Event "European Blitz 2022"]
[Site "Katowice POL"]
[Date "2022.12.16"]
[Round "5.16"]
[White "Dvirnyy, Danyyil"]
[Black "Kulon, Klaudia"]
[Result "1/2-1/2"]
[WhiteTitle "GM"]
[BlackTitle "IM"]
[WhiteElo "2530"]
[BlackElo "2274"]
[WhiteFideId "817570"]
[BlackFideId "1131044"]
[EventDate "2022.12.16"]

1. d4 Nf6 2. c4 g6 3. g3 Bg7 4. Bg2 O-O 5. Nc3 d6 6. Nf3 Nc6 7. O-O e5 8. d5 Nb8
9. e4 a5 10. Bg5 h6 11. Be3 Na6 12. h3 Nd7 13. Nd2 Ndc5 14. a3 Bd7 15. Rb1 a4
16. Qc2 b6 17. Rbe1 f5 18. f4 exf4 19. Bxf4 fxe4 20. Ndxe4 Nb3 21. Nb5 g5 22.
Be3 Bf5 23. Rxf5 Rxf5 24. Nexd6 Rf8 25. Nf5 Qd7 26. g4 Rae8 27. Nc3 Nac5 28. Qd1
Rxf5 29. gxf5 Qxf5 30. Bf2 Rxe1+ 31. Qxe1 Qf7 32. Qd1 Qe7 33. Nxa4 Nxa4 34. Qxb3
Nxb2 35. a4 Qe2 36. c5 Nd3 37. Bg3 Nxc5 38. Qb4 Kh8 39. a5 Nd3 40. Qc4 bxa5 41.
Qxc7 Nf4 42. Qc8+ Kh7 43. Qf5+ Kh8 44. Bxf4 gxf4 45. Qc8+ Kh7 46. Qf5+ Kh8 47.
Qxf4 Qe1+ 48. Bf1 Qe5 49. Qf3 Qg5+ 50. Kh1 Qe7 51. Qf5 Bd4 52. Qf4 Be3 53. Qf5
Bg5 54. Bd3 Qe1+ 55. Kg2 Qd2+ 56. Kf3 Qd1+ 57. Be2 Qb3+ 58. Kg4 Qb4+ 59. Kh5 Qe7
60. Bd3 a4 61. h4 Bd2 62. Qc8+ Kg7 63. Qg4+ Kh8 64. Qg6 Qe5+ 65. Bf5 Qe7 66. d6
Qe2+ 67. Qg4 Qxg4+ 68. Kxg4 Kg7 69. d7 Ba5 70. Be6 Bd8 71. h5 Kf6 72. Ba2 Ke7
73. Kf5 Kxd7 1/2-1/2

[Event "European Blitz 2022"]
[Site "Katowice POL"]
[Date "2022.12.16"]
[Round "5.17"]
[White "Marn, Jan"]
[Black "Tazbir, Marcin"]
[Result "0-1"]
[WhiteTitle "FM"]
[BlackTitle "GM"]
[WhiteElo "2332"]
[BlackElo "2508"]
[WhiteFideId "14619245"]
[BlackFideId "1122452"]
[EventDate "2022.12.16"]

1. d4 d5 2. c4 dxc4 3. Nf3 Nf6 4. e3 a6 5. Bxc4 b5 6. Be2 Bb7 7. O-O Nbd7 8. b3
e6 9. Bb2 c5 10. dxc5 Nxc5 11. Nbd2 Be7 12. a4 Nd3 13. Bd4 Nb4 14. axb5 O-O 15.
bxa6 Nxa6 16. Nc4 Nc5 17. Qc2 Be4 18. Qb2 Rb8 19. Nfd2 Nd3 20. Bxd3 Bxd3 21.
Rfd1 Qd5 22. Nf1 Bxc4 23. bxc4 Qxc4 24. Qc1 Qxc1 25. Raxc1 Nd5 26. Ng3 f5 27. e4
fxe4 28. Nxe4 Nf4 29. Be3 Ne2+ 30. Kf1 Nxc1 31. Rxc1 Rfc8 32. Rd1 Rb7 33. g3 h6
34. Kg2 Rbc7 35. h4 Rc4 36. Nd2 Rc1 37. Rxc1 Rxc1 38. Nf3 Ra1 39. Nd4 Kf7 40.
Nc6 Bf6 41. Bd4 Bxd4 42. Nxd4 e5 43. Nc2 Ra2 44. Ne3 e4 45. Kf1 Ke6 46. Ke1 Ke5
47. Ng2 Kd4 48. h5 Ra5 49. g4 Ra3 50. Ke2 Ra2+ 51. Kf1 Ke5 52. Ke1 Kf6 53. Ne3
Kg5 54. Kf1 Kf4 55. Kg2 Rd2 56. Nc4 Re2 0-1

[Event "European Blitz 2022"]
[Site "Katowice POL"]
[Date "2022.12.16"]
[Round "5.18"]
[White "Fridman, Daniel"]
[Black "Kruckenhauser, Arthur"]
[Result "1-0"]
[WhiteTitle "GM"]
[BlackTitle "FM"]
[WhiteElo "2602"]
[BlackElo "2339"]
[WhiteFideId "11600454"]
[BlackFideId "1642812"]
[EventDate "2022.12.16"]

1. d4 Nf6 2. Nf3 e6 3. g3 b5 4. Bg2 Bb7 5. O-O c5 6. c3 Be7 7. a4 b4 8. a5 O-O
9. Bg5 cxd4 10. cxd4 a6 11. Nbd2 d5 12. Ne5 Nc6 13. Nb3 Nxe5 14. dxe5 Nd7 15.
Bxe7 Qxe7 16. Qd4 Rfc8 17. Rac1 f6 18. exf6 gxf6 19. Rfd1 Ne5 20. Nc5 Nc6 21.
Qg4+ Kf7 22. Nxe6 Ne5 23. Qh5+ Kxe6 24. Rxc8 Rxc8 25. Bh3+ Kd6 26. Bxc8 Bxc8 27.
f4 Qa7+ 28. Kf1 Ng4 29. Qxd5+ Ke7 30. Qe4+ Kf8 31. Qxb4+ Kg7 32. Qd4 Qb7 33. Kg1
Bf5 34. h3 Nh6 35. g4 Be4 36. Qd7+ Qxd7 37. Rxd7+ Kg6 38. Ra7 Nf7 39. Rxa6 h6
40. Rb6 1-0

[Event "European Blitz 2022"]
[Site "Katowice POL"]
[Date "2022.12.16"]
[Round "5.19"]
[White "Luczak, Filip"]
[Black "Dragnev, Valentin"]
[Result "1/2-1/2"]
[WhiteTitle "FM"]
[BlackTitle "GM"]
[WhiteElo "2326"]
[BlackElo "2556"]
[WhiteFideId "1193686"]
[BlackFideId "1634852"]
[EventDate "2022.12.16"]

1. b3 Nf6 2. Bb2 g6 3. e3 Bg7 4. Nf3 O-O 5. Be2 c5 6. O-O b6 7. d4 Bb7 8. c4 e6
9. Nc3 Ne4 10. Nxe4 Bxe4 11. Qd2 Nc6 12. dxc5 Bxb2 13. Qxb2 Bxf3 14. Bxf3 bxc5
15. Bxc6 dxc6 16. Rad1 Qe7 17. h3 Rfd8 18. Qc2 h5 19. Rxd8+ Rxd8 20. Rd1 Rd6 21.
Rxd6 Qxd6 22. h4 Qe5 23. g3 Kg7 24. Qd2 Qa1+ 25. Kg2 Qe5 26. Qe2 Qa1 27. Qd2 1/2-1/2

[Event "European Blitz 2022"]
[Site "Katowice POL"]
[Date "2022.12.16"]
[Round "5.20"]
[White "Kazakouski, Valery"]
[Black "Berend, Elvira"]
[Result "1-0"]
[WhiteTitle "GM"]
[BlackTitle "WGM"]
[WhiteElo "2539"]
[BlackElo "2318"]
[WhiteFideId "13507443"]
[BlackFideId "4000510"]
[EventDate "2022.12.16"]

1. Nf3 Nf6 2. c4 e6 3. g3 d5 4. b3 c5 5. Bg2 Be7 6. O-O d4 7. e3 Nc6 8. exd4
cxd4 9. Re1 O-O 10. Bb2 a5 11. Na3 a4 12. Nb5 d3 13. Ne5 Nb4 14. Rf1 Nc2 15. Rb1
axb3 16. axb3 Bc5 17. Qf3 Nb4 18. Bc3 Ra2 19. Ra1 Rxa1 20. Rxa1 Nc2 21. Rd1 Nd4
22. Nxd4 Bxd4 23. Qxd3 Bxc3 24. Qxc3 Qb6 25. d4 Rd8 26. c5 Qa6 27. Nc4 Nd5 28.
Qd2 Bd7 29. Qa5 Qxa5 30. Nxa5 Nc3 31. Nxb7 Rb8 32. Re1 Bb5 33. Bf3 Ba6 34. Na5
Rb5 35. Ra1 Rb4 36. Nc6 Rxb3 37. Rxa6 g5 38. Kg2 f5 39. Ne5 g4 40. Bc6 Rb2 41.
Ra1 Rd2 42. Bd7 Rxd4 43. Bxe6+ Kg7 44. c6 Nb5 45. c7 Nxc7 46. Ra7 Kf6 47. Rxc7
Kxe5 48. Bg8 h5 49. Rh7 Rd8 50. Bc4 Kd4 51. Bf1 f4 52. gxf4 Rd5 53. Re7 Rf5 54.
Kg3 Kd5 55. Bd3 Rf6 56. Re5+ Kd4 57. Be2 Rb6 58. Rxh5 Rb2 59. Bxg4 1-0

[Event "European Blitz 2022"]
[Site "Katowice POL"]
[Date "2022.12.16"]
[Round "5.21"]
[White "Martinez Pla, Xavier"]
[Black "Klekowski, Maciej"]
[Result "0-1"]
[WhiteTitle "FM"]
[BlackTitle "GM"]
[WhiteElo "2277"]
[BlackElo "2477"]
[WhiteFideId "32074271"]
[BlackFideId "1132717"]
[EventDate "2022.12.16"]

1. e4 c5 2. Nf3 e6 3. d4 cxd4 4. Nxd4 Nc6 5. Nc3 a6 6. Be3 Nf6 7. a3 Qc7 8. f4
d6 9. Qf3 Be7 10. Nxc6 bxc6 11. O-O-O Rb8 12. g4 d5 13. g5 Nd7 14. exd5 cxd5 15.
Bd4 Bd6 16. f5 Ne5 17. Qe2 O-O 18. Qe1 Nf3 19. Qf2 Nxd4 20. Qxd4 Be5 21. Qd3
exf5 22. Bg2 Be6 23. Rde1 Bxc3 24. Qxc3 Qxc3 25. bxc3 Rfc8 26. Kd2 Rc5 27. Re3
Rbc8 28. Rb1 d4 29. cxd4 Rxc2+ 30. Kd1 Rxg2 0-1

[Event "European Blitz 2022"]
[Site "Katowice POL"]
[Date "2022.12.16"]
[Round "5.22"]
[White "Schneider, Ilja"]
[Black "Ternault, Mathieu"]
[Result "1-0"]
[WhiteTitle "IM"]
[BlackTitle "FM"]
[WhiteElo "2483"]
[BlackElo "2351"]
[WhiteFideId "4663306"]
[BlackFideId "20641532"]
[EventDate "2022.12.16"]

1. e4 Nc6 2. Nf3 d6 3. Nc3 Nf6 4. d4 g6 5. Be2 Bg7 6. O-O O-O 7. Re1 Bg4 8. h3
Bxf3 9. Bxf3 e5 10. dxe5 dxe5 11. Be3 Nd4 12. Be2 c6 13. Bc4 Nh5 14. Ne2 Nxe2+
15. Qxe2 Nf4 16. Qf3 Qe7 17. Rad1 Ne6 18. c3 Rfd8 19. Rxd8+ Rxd8 20. Rd1 Bf8 21.
Bxe6 Rxd1+ 22. Qxd1 Qxe6 23. Qd8 Kg7 24. Bh6+ Kxh6 25. Qxf8+ Kh5 26. Qg7 h6 27.
Kh2 Kg5 28. g3 a5 29. h4+ Kh5 30. f3 f5 31. exf5 gxf5 32. Kh3 Qg6 33. g4+ fxg4+
34. fxg4+ 1-0

[Event "European Blitz 2022"]
[Site "Katowice POL"]
[Date "2022.12.16"]
[Round "5.23"]
[White "Bauer, Thomas"]
[Black "Alonso Rosell, Alvar"]
[Result "0-1"]
[WhiteTitle "CM"]
[BlackTitle "GM"]
[WhiteElo "2145"]
[BlackElo "2561"]
[WhiteFideId "1639293"]
[BlackFideId "2270544"]
[EventDate "2022.12.16"]

1. e4 e5 2. Nf3 Nc6 3. Bb5 a6 4. Bxc6 dxc6 5. O-O Qf6 6. d4 exd4 7. Bg5 Qd6 8.
Nxd4 Be7 9. Be3 Nh6 10. f3 f5 11. Nc3 fxe4 12. Nxe4 Qg6 13. Re1 O-O 14. c3 Kh8
15. Kh1 c5 16. Ne2 Nf5 17. Bxc5 Bxc5 18. Nxc5 b6 19. Nf4 Qc6 20. Nce6 Bxe6 21.
Rxe6 Nd6 22. Nd5 Rae8 23. Rxe8 Rxe8 24. Qd2 Nc4 25. Qg5 Nxb2 26. h3 Nc4 27. Rd1
h6 28. Qh5 Rd8 29. Rd4 Nd6 30. Ne7 Qe8 31. Ng6+ Kh7 32. Rg4 Nf7 33. Qf5 Rd1+ 34.
Kh2 Kg8 35. Nf4 Qe5 36. Qc8+ Rd8 37. Qxa6 h5 38. Rh4 g5 39. Qc4 0-1